Countdown to 1900 : (Record no. 10742)
[ view plain ]
| 000 -LEADER | |
|---|---|
| fixed length control field | 01385nam a2200205 a 4500 |
| 003 - CONTROL NUMBER IDENTIFIER | |
| control field | PILC |
| 005 - DATE AND TIME OF LATEST TRANSACTION | |
| control field | 20241121155124.0 |
| 008 - FIXED-LENGTH DATA ELEMENTS--GENERAL INFORMATION | |
| fixed length control field | 070427s1988 xx 00 eng d |
| 010 ## - LIBRARY OF CONGRESS CONTROL NUMBER | |
| LC control number | Acc#26255 |
| 020 ## - INTERNATIONAL STANDARD BOOK NUMBER | |
| International Standard Book Number | 0936625694 |
| 040 ## - CATALOGING SOURCE | |
| Transcribing agency | Philippine Baptist Theological Seminary |
| 050 ## - LIBRARY OF CONGRESS CALL NUMBER | |
| Classification number | BV 3770 |
| Item number | J637 1988 |
| 100 10 - MAIN ENTRY--PERSONAL NAME | |
| Personal name | Johnson, Todd M. |
| 245 10 - TITLE STATEMENT | |
| Title | Countdown to 1900 : |
| Remainder of title | world evangelization at the end of the 19th Century / |
| Statement of responsibility, etc. | by Todd M. Johnson. |
| 260 0# - PUBLICATION, DISTRIBUTION, ETC (IMPRINT) | |
| Place of publication, distribution, etc. | Birmingham, AL : |
| Name of publisher, distributor, etc. | New Hope, |
| Date of publication, distribution, etc. | c1988. |
| 300 ## - PHYSICAL DESCRIPTION | |
| Extent | 73 P. ; 28 CM. |
| 505 ## - FORMATTED CONTENTS NOTE | |
| Formatted contents note | In a Nutshell--Early History (1818-1881)--The Debate Begins (1881-1882)--The Meaning of Evangelization (1881-1882)--Time and Evangelization (1882-1883)--Missionaries and Evangelization (1883-1885)--The Northfield Meeting (1885)--The Crisis of Missions (1886)--The Role of the Student Volunteers (1886-1900)--The Evangelisation of the World (1887)--The Church's Responsibility (1887-1888)--The Centenary Conference in London (1888)--The Crisis Continues (1888-1889)--The Canon Taylor Controversy (1888-1889)--Entering the Final Decade (1890)--The Continuing Possibility (1890-1892)--The Greatest Work in the World (1891-1893)--Decline (1893-1894)--"We compelled to abandon the hope" (1894-1900)--After the Turn of the Century (1900-1910)--A Word on Eschatology and Missions--Conclusion |
| 650 ## - SUBJECT ADDED ENTRY--TOPICAL TERM | |
| Topical term or geographic name as entry element | EVANGELISTIC WORK |
| 942 ## - ADDED ENTRY ELEMENTS (KOHA) | |
| Koha item type | Circulation Books |
| Source of classification or shelving scheme | Library of Congress Classification |
| Withdrawn status | Lost status | Source of classification or shelving scheme | Damaged status | Not for loan | Home library | Current library | Shelving location | Date acquired | Cost, normal purchase price | Total Checkouts | Full call number | Barcode | Date last seen | Price effective from | Koha item type |
|---|---|---|---|---|---|---|---|---|---|---|---|---|---|---|---|
| Dewey Decimal Classification | PBTS Library | PBTS Library | Circulation Section | 04/27/2007 | 5.95 | BV 3770 J637 1988 | 26255 | 03/18/2026 | 04/02/2015 | Circulation Books |